Cây bút vàng; T1 (Truyện ngắn và ký chọn lọc)
保存先:
| フォーマット: | 図書 |
|---|---|
| 言語: | Undetermined |
| 出版事項: |
Tp. HCM
Hội Nhà Văn
1999
|
| 主題: | |
| タグ: |
タグ追加
タグなし, このレコードへの初めてのタグを付けませんか!
|
| Thư viện lưu trữ: | Trung tâm Học liệu Trường Đại học Cần Thơ |
|---|
| LEADER | 00508nam a2200145Ia 4500 | ||
|---|---|---|---|
| 001 | CTU_37430 | ||
| 008 | 210402s9999 xx 000 0 und d | ||
| 082 | |a 895.9223008 | ||
| 082 | |b C126/T1 | ||
| 245 | 0 | |a Cây bút vàng; T1 (Truyện ngắn và ký chọn lọc) | |
| 260 | |a Tp. HCM | ||
| 260 | |b Hội Nhà Văn | ||
| 260 | |c 1999 | ||
| 650 | |a short stories, vietnamese - collections,vietnamese literature - 20th century - collections | ||
| 980 | |a Trung tâm Học liệu Trường Đại học Cần Thơ | ||